Projekty Svetovej banky implementované MPSVR SR

Projekty Svetovej banky na Slovensku: 1. Projekt reformy správy sociálnych dávok - ciele a zameranie projektu. Komponenty projektu. 2. Projekt technickej podpory ľudského kapitálu, ktorý má pomôcť pri modernizácii systémov zamestnanosti, vzdelávania a sociálnej kohézie v rezorte školstva a v rezorte...

Descrizione completa

Salvato in:
Dettagli Bibliografici
Autore principale: Demjan, Valér
Natura: Capitolo di libro
Lingua:slovacco
Soggetti:
Tags: Aggiungi Tag
Nessun Tag, puoi essere il primo ad aggiungerne!!

MARC

LEADER 00000naa$a2200000$$$4500
001 0070788
005 20240502071840.1
041 0 |a slo 
044 |a SK 
245 1 0 |a Projekty Svetovej banky implementované MPSVR SR  |c Valér Demjan 
520 |a Projekty Svetovej banky na Slovensku: 1. Projekt reformy správy sociálnych dávok - ciele a zameranie projektu. Komponenty projektu. 2. Projekt technickej podpory ľudského kapitálu, ktorý má pomôcť pri modernizácii systémov zamestnanosti, vzdelávania a sociálnej kohézie v rezorte školstva a v rezorte práce a sociálnych vecí. Časti projektu. 
610 2 0 |a politika sociálna 
610 2 0 |a problémy spoločenské 
610 2 0 |a zamestnanosť 
610 2 0 |a vzdelávanie 
610 2 0 |a reformy sociálne 
610 2 0 |a dávky sociálne 
610 2 0 |a systémy dôchodkové 
610 2 0 |a financovanie 
610 2 0 |a projekty 
610 2 0 |a banky 
100 1 |a Demjan, Valér